[Event "7th Chennai Open"]
[Site "Chennai"]
[Date "2015.01.02"]
[Round "6"]
[White "Ritviz, Parab"]
[Black "Stany, G.A."]
[Result "0-1"]
[WhiteElo "2187"]
[BlackElo "2404"]
[PlyCount "114"]
[EventDate "2014.12.30"]
[EventType "swiss"]
[EventRounds "10"]
[EventCountry "IND"]

1. e4 e5 2. Nf3 Nc6 3. Bb5 a6 4. Ba4 Nf6 5. O-O b5 6. Bb3 Bc5 7. c3 d6 8. d4
Bb6 9. h3 O-O 10. Be3 Bb7 11. Nbd2 Re8 12. d5 Na5 13. Bxb6 cxb6 14. Bc2 Rc8 15.
Re1 Nh5 16. Bd3 g6 17. Bf1 Nc4 18. b3 Nxd2 19. Qxd2 Kg7 20. c4 bxc4 21. Bxc4
Rc5 22. Rec1 Qc7 23. Ne1 Qd7 24. Bf1 Nf6 25. Bd3 Rec8 26. b4 R5c7 27. a3 Nh5
28. Bf1 f5 29. f3 Ng3 30. Bd3 f4 31. Rxc7 Qxc7 32. Ra2 g5 33. Rc2 Qd8 34. Bf1
h5 35. Nd3 g4 36. fxg4 hxg4 37. Rxc8 Bxc8 38. hxg4 Nxe4 39. Qe1 Nf6 40. Qh4 Qh8
41. Qg5+ Kf7 42. Nf2 Qg7 43. Qh4 Bxg4 44. Nxg4 Qxg4 45. Qxg4 Nxg4 46. Bxa6 Ne3
47. a4 Ke7 48. Bb7 Kd7 49. a5 bxa5 50. bxa5 Kc7 51. a6 Ng4 52. Kf1 Nf6 53. Kf2
Ne4+ 54. Kf3 Nc5 55. g4 fxg3 56. Bc6 Nxa6 57. Kxg3 Nb4 0-1

[Event "7th Chennai Open"]
[Site "Chennai"]
[Date "2015.01.02"]
[Round "6"]
[White "Mohammad, Ashraf"]
[Black "Ravichandran, Siddharth"]
[Result "1/2-1/2"]
[WhiteElo "2175"]
[BlackElo "2381"]
[PlyCount "140"]
[EventDate "2014.12.30"]
[EventType "swiss"]
[EventRounds "10"]
[EventCountry "IND"]

1. d4 d5 2. c4 c6 3. Nf3 Nf6 4. e3 Bf5 5. Nc3 e6 6. Bd3 Bxd3 7. Qxd3 Bb4 8. Bd2
Nbd7 9. O-O Bxc3 10. Bxc3 O-O 11. Bb4 Re8 12. cxd5 exd5 13. Bd6 Ne4 14. Bf4 a5
15. Rab1 Qe7 16. h3 Nb6 17. Rfc1 h6 18. Rc2 Nc4 19. Ne5 Nxe5 20. Bxe5 Ra6 21.
Bh2 Raa8 22. Qb3 Qb4 23. Qd3 Qe7 24. Qb3 h5 25. Qb6 Rec8 26. f3 Ng5 27. Re1 Ne6
28. Bg3 a4 29. a3 Ra6 30. Qb4 Qxb4 31. axb4 Rb6 32. Ra1 Rxb4 33. Bd6 Rb3 34.
Rxa4 Rxe3 35. Rb4 Rd3 36. Bc5 Rc7 37. Kf2 Rd1 38. Ke2 Ra1 39. h4 Rd7 40. Bb6
Re7 41. Kf2 Kh7 42. Re2 Rd7 43. Kg3 Rc1 44. Rb3 Rc4 45. Rd2 Kg6 46. Kf2 Kf5 47.
g3 Ra4 48. Kg2 Re7 49. Kf2 Rc4 50. Re2 Kg6 51. Rd2 Re8 52. Ra3 Rb4 53. Bc5 Rb5
54. Rc2 b6 55. Bd6 Nxd4 56. Rd2 Nb3 57. Rc2 c5 58. Ra6 Re6 59. Bf4 Ra5 60. Rxa5
Nxa5 61. b4 Nb3 62. bxc5 bxc5 63. Be3 c4 64. Ba7 f6 65. g4 Ra6 66. Bb8 Ra4 67.
gxh5+ Kxh5 68. Re2 c3 69. Ke3 d4+ 70. Ke4 d3+ 1/2-1/2

[Event "7th Chennai Open"]
[Site "Chennai"]
[Date "2015.01.03"]
[Round "7"]
[White "Swapnil, S. Dhopade"]
[Black "Mozharov, Mikhail"]
[Result "1-0"]
[WhiteElo "2418"]
[BlackElo "2557"]
[PlyCount "99"]
[EventDate "2014.12.30"]
[EventType "swiss"]
[EventRounds "10"]
[EventCountry "IND"]

1. d4 Nf6 2. c4 g6 3. Nc3 d5 4. Nf3 Bg7 5. Qb3 dxc4 6. Qxc4 O-O 7. e4 Nc6 8.
Be2 e5 9. d5 Nd4 10. Nxd4 exd4 11. Qxd4 c6 12. Qd1 cxd5 13. exd5 b6 14. O-O Bb7
15. Bf3 Qd7 16. Bf4 Qf5 17. Qd2 Rad8 18. Rad1 Rfe8 19. h3 h5 20. Bc7 Rd7 21.
Qf4 Qxf4 22. Bxf4 Rc8 23. Rfe1 Ne8 24. Re3 Kf8 25. g3 Nd6 26. Bxd6+ Rxd6 27.
Nb5 Rd7 28. Nxa7 Rc2 29. Rb3 Rxb2 30. Rxb2 Bxb2 31. Nc6 Bxc6 32. dxc6 Rxd1+ 33.
Bxd1 Ke7 34. Bb3 Be5 35. f4 Bd4+ 36. Kg2 f6 37. Bf7 Kd6 38. Bxg6 Kxc6 39. Bxh5
Kd6 40. g4 Be3 41. Kf3 Bd2 42. Ke4 Ke6 43. Bg6 Be1 44. Bf5+ Kf7 45. Bd7 Kg6 46.
Be8+ Kh6 47. Kf5 Bh4 48. a4 Kg7 49. g5 Be1 50. Kg4 1-0

[Event "7th Chennai Open"]
[Site "Chennai"]
[Date "2015.01.03"]
[Round "7"]
[White "Dzhumaev, Marat"]
[Black "Popov, Ivan"]
[Result "1/2-1/2"]
[WhiteElo "2532"]
[BlackElo "2622"]
[PlyCount "131"]
[EventDate "2014.12.30"]
[EventType "swiss"]
[EventRounds "10"]
[EventCountry "IND"]

1. e4 c6 2. Nf3 d5 3. Nc3 Bg4 4. h3 Bxf3 5. Qxf3 Nf6 6. d3 e6 7. a3 Bd6 8. d4
dxe4 9. Nxe4 Nxe4 10. Qxe4 Nd7 11. Bd3 Nf6 12. Qh4 h6 13. O-O Qc7 14. b4 O-O-O
15. f4 g5 16. fxg5 hxg5 17. Qxg5 Bh2+ 18. Kh1 Nh5 19. Rxf7 Qxf7 20. Kxh2 Rdg8
21. Qe5 Nf6 22. Be2 Qg7 23. g3 Ng4+ 24. Bxg4 Qxg4 25. Bf4 Qxh3+ 26. Kg1 Kd7 27.
Kf2 Qf5 28. Qd6+ Ke8 29. Re1 Qxc2+ 30. Kf3 Qb3+ 31. Kg2 Qd5+ 32. Qxd5 cxd5 33.
Rxe6+ Kf7 34. Re5 Rd8 35. Kf3 Rhe8 36. Rh5 Kg6 37. Rg5+ Kf6 38. Rh5 Rd7 39.
Rh6+ Kg7 40. Kg4 Rh8 41. Rxh8 Kxh8 42. Kf5 Re7 43. Kf6 Re2 44. Be5 Kg8 45. Ke6
Ra2 46. Kxd5 Kf7 47. Kd6 Rxa3 48. Kc7 Rb3 49. d5 Rxb4 50. d6 Rc4+ 51. Kxb7 a5
52. Kb6 Ke6 53. Kb5 Rc2 54. Bf4 Ra2 55. Kb6 a4 56. Kb5 Kd7 57. Kb4 Kc6 58. Ka5
Ra3 59. Kb4 Ra1 60. Ka5 Kc5 61. d7 Rd1 62. Kxa4 Rxd7 63. Kb3 Rd3+ 64. Kc2 Kc4
65. Bc7 Rxg3 66. Bxg3 1/2-1/2

[Event "7th Chennai Open"]
[Site "Chennai"]
[Date "2015.01.03"]
[Round "7"]
[White "Cruz, Jonathan"]
[Black "Brunello, Sabino"]
[Result "1-0"]
[WhiteElo "2454"]
[BlackElo "2573"]
[PlyCount "133"]
[EventDate "2014.12.30"]
[EventType "swiss"]
[EventRounds "10"]
[EventCountry "IND"]

1. c4 e5 2. g3 Nc6 3. Bg2 Bc5 4. Nc3 a6 5. Nf3 d6 6. d3 Ba7 7. Nd5 Nge7 8. Be3
Bxe3 9. fxe3 Nxd5 10. cxd5 Ne7 11. e4 c6 12. dxc6 bxc6 13. Qd2 Rb8 14. b3 c5
15. O-O O-O 16. Nh4 Be6 17. e3 Nc6 18. Qe2 g6 19. Bf3 Qg5 20. Bg2 a5 21. Nf3
Qe7 22. h4 Bg4 23. Qc2 Kg7 24. Rf2 Qa7 25. Nd2 Be6 26. Nc4 Qd7 27. Raf1 Rb4 28.
Nb2 Rfb8 29. Kh2 R4b7 30. Qe2 Rf8 31. Rf6 Ne7 32. Qd2 Ng8 33. R6f3 Nh6 34. Kg1
Rb4 35. Qc3 Qc7 36. Qc2 Ra8 37. Na4 Ra7 38. Qd2 Qe7 39. Nc3 Rb8 40. R3f2 Ng4
41. Rf3 Nh6 42. R3f2 Qd8 43. Bf3 Bh3 44. Rd1 Be6 45. Qe2 Qc8 46. Rdf1 Bh3 47.
Bg2 Bg4 48. Qd2 Be6 49. Rf6 Ng4 50. R6f3 h5 51. Re1 Nh6 52. Ref1 Qd8 53. R3f2
g5 54. Qe2 Ng4 55. Rf5 Bxf5 56. Rxf5 f6 57. hxg5 fxg5 58. Bh3 Nh6 59. Qxh5 Nf7
60. Nd5 Qh8 61. Qg4 a4 62. Rf2 axb3 63. axb3 Qh6 64. Rf6 Ra1+ 65. Kg2 Rba8 66.
Rxh6 R8a2+ 67. Kf3 1-0

[Event "7th Chennai Open"]
[Site "Chennai"]
[Date "2015.01.03"]
[Round "7"]
[White "Karthikeyan, Murali"]
[Black "Karthikeyan, P."]
[Result "1-0"]
[WhiteElo "2497"]
[BlackElo "2400"]
[PlyCount "82"]
[EventDate "2014.12.30"]
[EventType "swiss"]
[EventRounds "10"]
[EventCountry "IND"]

1. e4 c5 2. Nf3 e6 3. c4 Nc6 4. Nc3 Nf6 5. Be2 Qc7 6. O-O a6 7. a3 Ng4 8. h3 h5
9. d3 Be7 10. g3 Nge5 11. Nxe5 Nxe5 12. f4 Nc6 13. Bxh5 g6 14. Bg4 b6 15. h4
Bb7 16. Be3 O-O-O 17. b4 f5 18. Bf3 Nd4 19. Bg2 d6 20. Rb1 Kd7 21. bxc5 dxc5
22. Na4 Ke8 23. Rxb6 Bc6 24. Bxd4 Rxd4 25. exf5 Bxg2 26. Kxg2 exf5 27. Qe2 Rd6
28. Rxd6 Qxd6 29. Nc3 Kf7 30. Nd5 Rb8 31. h5 Bf6 32. hxg6+ Kxg6 33. Kf3 Qc6 34.
Re1 Kf7 35. Qf1 Rd8 36. Kg2 Rxd5 37. cxd5 Qxd5+ 38. Qf3 Qd7 39. Rb1 Kg6 40. Rb6
Qe7 41. g4 Qd8 1-0

[Event "7th Chennai Open"]
[Site "Chennai"]
[Date "2015.01.03"]
[Round "7"]
[White "Cruz, Cristhian"]
[Black "Ravi, Teja S"]
[Result "1-0"]
[WhiteElo "2546"]
[BlackElo "2306"]
[PlyCount "75"]
[EventDate "2014.12.30"]
[EventType "swiss"]
[EventRounds "10"]
[EventCountry "IND"]

1. d4 d5 2. c4 c6 3. Nf3 Nf6 4. Nc3 a6 5. e3 Bf5 6. Qb3 b5 7. cxb5 axb5 8. Be2
h6 9. O-O e6 10. Bd2 Nbd7 11. Rfc1 Bd6 12. Nb1 Qb6 13. Bb4 Ne4 14. Nc3 Bxb4 15.
Qxb4 Qa5 16. Qxa5 Rxa5 17. Nxb5 Nb8 18. Ne5 O-O 19. Nxc6 Nxc6 20. Rxc6 Rb8 21.
a4 Rba8 22. b3 Nd2 23. Rc3 Ne4 24. Rcc1 g5 25. f3 Nd2 26. Ra2 Nxb3 27. Rc3 Nd2
28. Rxd2 Rxa4 29. Bd3 Ra1+ 30. Kf2 Bxd3 31. Rcxd3 Rh1 32. Kg3 Raa1 33. Nc3 Rac1
34. Nd1 h5 35. Nf2 Rhf1 36. h4 f6 37. hxg5 fxg5 38. Nh3 1-0

[Event "7th Chennai Open"]
[Site "Chennai"]
[Date "2015.01.03"]
[Round "7"]
[White "Stany, G.A."]
[Black "Evdokimov, Alexander A"]
[Result "1/2-1/2"]
[WhiteElo "2404"]
[BlackElo "2538"]
[PlyCount "46"]
[EventDate "2014.12.30"]
[EventType "swiss"]
[EventRounds "10"]
[EventCountry "IND"]

1. e4 c6 2. d4 d5 3. e5 Bf5 4. Nf3 e6 5. Be2 Nd7 6. O-O Bg6 7. a4 Nh6 8. a5 Nf5
9. a6 b5 10. c3 h5 11. Bg5 Qb6 12. b4 Nb8 13. Nbd2 Nxa6 14. Nb3 Nb8 15. Ne1 Nd7
16. Nd3 f6 17. Bf4 Kf7 18. Re1 Be7 19. Bf1 Rhe8 20. Be2 Rh8 21. Bf1 Rhe8 22.
Be2 Rh8 23. Bf1 Rhe8 1/2-1/2

[Event "7th Chennai Open"]
[Site "Chennai"]
[Date "2015.01.03"]
[Round "7"]
[White "Rathnakaran, K."]
[Black "Gasanov, Eldar"]
[Result "0-1"]
[WhiteElo "2387"]
[BlackElo "2526"]
[PlyCount "198"]
[EventDate "2014.12.30"]
[EventType "swiss"]
[EventRounds "10"]
[EventCountry "IND"]

1. e4 c5 2. Nf3 g6 3. h4 Nf6 4. e5 Ng4 5. d4 Bg7 6. h5 cxd4 7. h6 Bxe5 8. Nxe5
Qa5+ 9. c3 Qxe5+ 10. Be2 Nc6 11. Kf1 f5 12. a4 O-O 13. Ra3 Qf6 14. Nd2 d5 15.
Nf3 e5 16. Bg5 Qd6 17. cxd4 e4 18. Ne1 Nd8 19. Nc2 Bd7 20. a5 Rc8 21. Bd2 Rf7
22. g3 Ne6 23. Bb4 Qb8 24. Bxg4 fxg4 25. Kg2 Rc4 26. Rc3 Rxc3 27. bxc3 Ng5 28.
Ne3 Nh3 29. Rf1 Rf3 30. Nxd5 Nxf2 31. Qxf3 gxf3+ 32. Kxf2 Kf7 33. Re1 Bf5 34.
Ne3 Qc7 35. d5 Bd7 36. Rd1 Qe5 37. Rd4 Kg8 38. Rc4 Kf7 39. Rd4 Qh5 40. Rxe4
Qh2+ 41. Kxf3 Qh1+ 42. Kf4 Qxh6+ 43. Ke5 g5 44. Kd4 Qf6+ 45. Kc4 Kg6 46. Re7
Qa6+ 47. Kb3 Qb5 48. c4 Qa4+ 49. Kc3 Qa1+ 50. Kd3 Qb1+ 51. Kc3 Qe1+ 52. Kb3
Qxg3 53. Rxd7 Qxe3+ 54. Bc3 g4 55. Rg7+ Kf5 56. Rf7+ Kg5 57. Rg7+ Kf4 58. Rf7+
Kg3 59. Rxh7 Kf2 60. d6 g3 61. Rf7+ Kg1 62. d7 Qd3 63. Kb4 g2 64. Bf6 Qd6+ 65.
Kc3 Qa3+ 66. Kc2 Qa4+ 67. Kd3 Qd1+ 68. Ke4 Qg4+ 69. Kd5 Qf5+ 70. Kd6 Kf1 71.
d8=Q g1=Q 72. Ke7 Qgc5+ 73. Ke8 Qc6+ 74. Kf8 Qfc8 75. Bh4+ Ke2 76. Re7+ Kf3 77.
Rf7+ Kg4 78. Rg7+ Kh3 79. Rg3+ Kh2 80. Rg7 Qd6+ 81. Ke8 Qe5+ 82. Kf8 Qf4+ 83.
Ke8 Qe6+ 84. Be7 Qc6+ 85. Qd7 Qb8+ 86. Bd8 Qe5+ 87. Kf8 Qec5+ 88. Qe7 Qf6+ 89.
Kg8 Qxc4+ 90. Kh8 Qch4+ 91. Kg8 Qc4+ 92. Kh8 Qxe7 93. Bxe7 Qc8+ 94. Kh7 Qf5+
95. Kg8 Qxa5 96. Bd6+ Kh3 97. Rh7+ Kg4 98. Rg7+ Kf5 99. Be5 Kxe5 0-1

[Event "7th Chennai Open"]
[Site "Chennai"]
[Date "2015.01.03"]
[Round "7"]
[White "Ravichandran, Siddharth"]
[Black "Prasanna, Raghuram Rao"]
[Result "1/2-1/2"]
[WhiteElo "2381"]
[BlackElo "2436"]
[PlyCount "103"]
[EventDate "2014.12.30"]
[EventType "swiss"]
[EventRounds "10"]
[EventCountry "IND"]

1. d4 Nf6 2. Nf3 e6 3. e3 c5 4. Bd3 b6 5. O-O Bb7 6. Nbd2 cxd4 7. exd4 Be7 8.
a4 a6 9. Re1 O-O 10. Nf1 d6 11. Ng3 Nbd7 12. Bd2 Re8 13. c4 a5 14. Rc1 Bf8 15.
Bc3 g6 16. h4 Rc8 17. b3 Qc7 18. h5 e5 19. d5 Bh6 20. Bd2 Bg7 21. Ng5 Rcd8 22.
Qc2 Nf8 23. Re3 Bc8 24. Ree1 Ng4 25. Be2 Nf6 26. Kh2 Qe7 27. f4 h6 28. Nh3 Bxh3
29. gxh3 exf4 30. Bxf4 N6d7 31. hxg6 Nxg6 32. Nf5 Qf6 33. Bg3 Re5 34. Bg4 Rxe1
35. Rxe1 Nde5 36. Rf1 Nxg4+ 37. hxg4 Ne5 38. Bxe5 Qxe5+ 39. Kh3 Re8 40. Qf2 Kh8
41. Qf3 Qf6 42. Qg3 Re5 43. Rf3 Qg6 44. Qh4 Kh7 45. Qh5 Qf6 46. Kg3 Re1 47. Ne3
Qb2 48. Qf5+ Kh8 49. Qc8+ Kh7 50. Qf5+ Kh8 51. Qc8+ Kh7 52. Qf5+ 1/2-1/2

[Event "7th Chennai Open"]
[Site "Chennai"]
[Date "2015.01.03"]
[Round "7"]
[White "Krishna, C.R.G."]
[Black "Ramnath, Bhuvanesh.R"]
[Result "0-1"]
[WhiteElo "2365"]
[BlackElo "2405"]
[PlyCount "146"]
[EventDate "2014.12.30"]
[EventType "swiss"]
[EventRounds "10"]
[EventCountry "IND"]

1. d4 Nf6 2. c4 g6 3. g3 Bg7 4. Bg2 O-O 5. Nc3 d6 6. Nf3 c6 7. O-O Bf5 8. Ne1
Be6 9. b3 d5 10. cxd5 Nxd5 11. Bb2 Nxc3 12. Bxc3 Na6 13. Rc1 Nc7 14. e3 Bd5 15.
Nd3 Bxg2 16. Kxg2 Ne6 17. Qe2 Qd5+ 18. f3 Rfd8 19. Rfd1 Rac8 20. Bb4 Bf6 21.
Nf2 Qd7 22. Ba3 Bg7 23. Rc2 Qe8 24. Rcd2 Rd7 25. Qc4 Qd8 26. Ne4 Qc7 27. Rc2
Rcd8 28. Qa4 Rd5 29. Qb4 R5d7 30. Rcd2 Qb6 31. Qc4 Qa5 32. Bb4 Qh5 33. Bc5 b6
34. Ba3 Ng5 35. Nxg5 Qxg5 36. Rd3 Qf6 37. R1d2 h5 38. Bb2 Qd6 39. e4 e6 40. Rd1
h4 41. Qc2 Qc7 42. Qe2 hxg3 43. hxg3 Qb7 44. Qd2 Rd6 45. Qe3 Qd7 46. Qe2 c5 47.
d5 Qb5 48. Bxg7 Kxg7 49. Qb2+ f6 50. Qd2 exd5 51. exd5 Qd7 52. Rh1 g5 53. Qc2
Qf5 54. Qe2 R6d7 55. Qe4 Qxe4 56. fxe4 f5 57. exf5 Rxd5 58. Rxd5 Rxd5 59. Rf1
g4 60. Rf4 Rd4 61. Rf2 Kf6 62. Kf1 Rd3 63. Kg2 a5 64. Kh2 Rd5 65. Kg2 Rxf5 66.
Rc2 Rd5 67. a3 Ke5 68. Rc3 Rd2+ 69. Kf1 Ke4 70. Ke1 Rd3 71. Rc4+ Kf3 72. b4
Rxa3 73. bxc5 bxc5 0-1

[Event "7th Chennai Open"]
[Site "Chennai"]
[Date "2015.01.03"]
[Round "7"]
[White "David, Alberto"]
[Black "Kumaran, B."]
[Result "1-0"]
[WhiteElo "2578"]
[BlackElo "2316"]
[PlyCount "85"]
[EventDate "2014.12.30"]
[EventType "swiss"]
[EventRounds "10"]
[EventCountry "IND"]

1. e4 e5 2. Bc4 Nc6 3. Nf3 Bc5 4. c3 Nf6 5. d3 d6 6. Bb3 O-O 7. O-O h6 8. Nbd2
a6 9. Re1 Ba7 10. Nf1 Ne7 11. Ng3 Ng6 12. h3 Re8 13. d4 Be6 14. Bc2 Nh7 15. Nf5
Qc8 16. dxe5 dxe5 17. Nh2 Qd8 18. Qf3 Nh4 19. Qg3 Bxf5 20. exf5 h5 21. Bh6 Qf6
22. Bxg7 Qxg7 23. Qxh4 Qg5 24. Qxg5+ Nxg5 25. Rad1 Rad8 26. Nf1 Rxd1 27. Rxd1
h4 28. Rd7 Bb6 29. Nd2 Kf8 30. Nc4 Re7 31. Rd5 c6 32. f6 Re6 33. Rd7 Bc5 34. b4
b5 35. bxc5 bxc4 36. Rd8+ Re8 37. Rxe8+ Kxe8 38. Bf5 Ne6 39. Bxe6 fxe6 40. g4
hxg3 41. fxg3 Kf7 42. Kf2 Kxf6 43. Ke3 1-0

[Event "7th Chennai Open"]
[Site "Chennai"]
[Date "2015.01.03"]
[Round "7"]
[White "Gahan, M.G."]
[Black "Baryshpolets, Andrey"]
[Result "1/2-1/2"]
[WhiteElo "2295"]
[BlackElo "2566"]
[PlyCount "132"]
[EventDate "2014.12.30"]
[EventType "swiss"]
[EventRounds "10"]
[EventCountry "IND"]

1. e4 e6 2. b3 d5 3. Bb2 dxe4 4. Nc3 Nf6 5. g4 Bd7 6. Bg2 Bc6 7. Qe2 h5 8. g5
Nd5 9. Nxe4 Nf4 10. Qf3 Qxg5 11. Nxg5 Nxg2+ 12. Kf1 Bxf3 13. N5xf3 Nf4 14. Be5
Ng6 15. Bxc7 Nc6 16. h3 e5 17. Bxe5 Ngxe5 18. Nxe5 Nxe5 19. Re1 O-O-O 20. Rxe5
Rxd2 21. Re2 Rd1+ 22. Kg2 Rh6 23. Re8+ Rd8 24. Rxd8+ Kxd8 25. Ne2 Rd6 26. c4
Rd2 27. Nc3 Bb4 28. Ne4 Rxa2 29. Rd1+ Kc7 30. Rd3 Re2 31. Ng3 Re5 32. f4 Ra5
33. Ne4 Ra2+ 34. Kf3 Ra1 35. Ng5 Rf1+ 36. Ke4 Bd6 37. Rf3 Rxf3 38. Kxf3 Be7 39.
Nxf7 Kc6 40. Ke4 Kc5 41. Kd3 Kb4 42. Kc2 a5 43. Ne5 Kc5 44. Kc3 Bf6 45. Kd3 h4
46. Nf7 Kb4 47. Kc2 Be7 48. Ne5 Kc5 49. Kd3 Bd6 50. Ng6 Kb4 51. Kc2 a4 52. bxa4
Kxc4 53. Nxh4 Bxf4 54. Nf5 Be5 55. h4 Kb4 56. h5 Kxa4 57. Kd3 Bf6 58. h6 gxh6
59. Nxh6 Ka3 60. Ng4 Bg7 61. Ne3 b5 62. Nd5 Be5 63. Kc2 Ka2 64. Nb4+ Ka3 65.
Nd5 b4 66. Nxb4 Kxb4 1/2-1/2

[Event "7th Chennai Open"]
[Site "Chennai"]
[Date "2015.01.03"]
[Round "7"]
[White "Nguyen, Duc Hoa"]
[Black "Harsha, Bharathakoti"]
[Result "1-0"]
[WhiteElo "2507"]
[BlackElo "2309"]
[PlyCount "185"]
[EventDate "2014.12.30"]
[EventType "swiss"]
[EventRounds "10"]
[EventCountry "IND"]

1. d4 d5 2. c4 c6 3. Nf3 Nf6 4. Nc3 e6 5. e3 Nbd7 6. Qc2 b6 7. cxd5 cxd5 8. Bd2
Bb7 9. Rc1 a6 10. Bd3 Rc8 11. O-O Bd6 12. Qb3 O-O 13. Ne2 Ne4 14. Bb4 Qe7 15.
Bxd6 Qxd6 16. Rfd1 b5 17. a4 b4 18. a5 Rb8 19. Rc2 Bc6 20. Rdc1 Bb5 21. Bxb5
Rxb5 22. Rc6 Ndc5 23. R6xc5 Nxc5 24. dxc5 Rxc5 25. Ra1 Rfc8 26. Ne1 Rc4 27. Qd3
Qe5 28. Qd2 g6 29. h3 Rb8 30. Nd4 Qc7 31. Nb3 Kg7 32. Qd3 Kg8 33. Nf3 Rc2 34.
Qxa6 Rxb2 35. Rc1 Qb7 36. Qd3 Ra2 37. Qd4 Ra3 38. Nfd2 h6 39. Qf4 Rc8 40. Rxc8+
Qxc8 41. Qxb4 Ra2 42. Qb6 Kh7 43. Qd4 Qb8 44. h4 h5 45. Qc3 Ra3 46. g3 Kg8 47.
Kh2 Kh7 48. Qf6 Kg8 49. Qc3 Kh7 50. Kg2 Qb7 51. Qf6 Qc7 52. Qb2 Ra4 53. Nf3 Kg8
54. Qf6 Ra3 55. Nfd4 Ra2 56. Nb5 Qd7 57. Nc3 Ra3 58. Nc5 Qc7 59. N3a4 Qxa5 60.
Qe7 Ra2 61. Qe8+ Kg7 62. Nd7 Rxf2+ 63. Kxf2 Qd2+ 64. Kf3 Qd1+ 65. Kf4 Qxa4+ 66.
Ke5 Qa1+ 67. Kd6 Qa6+ 68. Kc7 Qa7+ 69. Kc6 Qa4+ 70. Kb7 Qb5+ 71. Kc7 Qa5+ 72.
Kd6 Qa6+ 73. Kc7 Qa7+ 74. Kc6 Qa4+ 75. Kb6 Qb4+ 76. Kc7 Qa5+ 77. Nb6 Qc5+ 78.
Qc6 Qxe3 79. Qd6 Qc3+ 80. Kd8 Qf6+ 81. Ke8 g5 82. Nd7 Qg6 83. Qf8+ Kh7 84. Ke7
Qg7 85. Qxf7 Qxf7+ 86. Kxf7 gxh4 87. gxh4 d4 88. Ne5 Kh6 89. Kxe6 Kg7 90. Kf5
Kh6 91. Ke4 Kg7 92. Kxd4 Kf6 93. Ke4 1-0

[Event "7th Chennai Open"]
[Site "Chennai"]
[Date "2015.01.03"]
[Round "7"]
[White "Shivananda, B.S."]
[Black "Neverov, Valeriy"]
[Result "0-1"]
[WhiteElo "2305"]
[BlackElo "2501"]
[PlyCount "100"]
[EventDate "2014.12.30"]
[EventType "swiss"]
[EventRounds "10"]
[EventCountry "IND"]

1. e4 c5 2. b4 cxb4 3. a3 e6 4. axb4 Bxb4 5. Bb2 Nf6 6. e5 Nd5 7. c4 Ne7 8. Qg4
O-O 9. Nf3 Nbc6 10. Bd3 Ng6 11. Qh5 h6 12. Bxg6 fxg6 13. Qxg6 b6 14. Nc3 Bb7
15. Qg4 Ne7 16. O-O Bxc3 17. Bxc3 Bxf3 18. gxf3 a5 19. Kh1 Nf5 20. Rg1 Rf7 21.
Qe4 Rc8 22. Rg4 Qc7 23. Rb1 Kh8 24. Rb5 Rcf8 25. c5 bxc5 26. Bxa5 Qa7 27. Bb6
Qa6 28. Qa4 Qxa4 29. Rxa4 Rb8 30. Ra6 Nd4 31. Rxc5 Nxf3 32. d3 Rf5 33. Rc1 Rh5
34. Kg2 Rf8 35. h3 Rg5+ 36. Kh1 Rxe5 37. Be3 Rd5 38. Rc3 Kh7 39. Ra4 Rf6 40.
Rg4 g5 41. Ra4 Kg6 42. Raa3 Rf8 43. Kg2 Nh4+ 44. Kf1 Rf3 45. Ra7 Rxh3 46. Ke2
Nf5 47. Rcc7 Nxe3 48. fxe3 Rh2+ 49. Kf3 Rxd3 50. Rxd7 Rh3+ 0-1

[Event "7th Chennai Open"]
[Site "Chennai"]
[Date "2015.01.03"]
[Round "7"]
[White "Abhishek, Kelkar"]
[Black "Deepan, Chakkravarthy J"]
[Result "0-1"]
[WhiteElo "2280"]
[BlackElo "2489"]
[PlyCount "114"]
[EventDate "2014.12.30"]
[EventType "swiss"]
[EventRounds "10"]
[EventCountry "IND"]

1. d4 Nf6 2. Nf3 g6 3. c4 Bg7 4. Nc3 O-O 5. Bg5 d6 6. e3 c6 7. Be2 a6 8. O-O
Nbd7 9. Qc2 b5 10. a4 b4 11. Nb1 c5 12. Nbd2 Bb7 13. d5 e6 14. e4 Qe7 15. Rfe1
h6 16. Bh4 g5 17. Bg3 Nh5 18. Rad1 Rae8 19. Nf1 Nxg3 20. Nxg3 g4 21. Nd2 Qg5
22. Ndf1 Bd4 23. Qd2 Ne5 24. Qxg5+ hxg5 25. Rxd4 cxd4 26. Rd1 f5 27. dxe6 f4
28. Nf5 d3 29. Bxd3 Nxd3 30. Rxd3 Bxe4 31. Nh6+ Kg7 32. Rxd6 Rf6 33. Nxg4 Rfxe6
34. Rd4 Bf5 35. f3 Bxg4 36. fxg4 Re1 37. c5 Rc1 38. Kf2 Rxc5 39. b3 Ree5 40. h4
Red5 41. Rxb4 Rc2+ 42. Kg1 Rd1 43. hxg5 f3 44. gxf3 Rcc1 45. Kg2 Rxf1 46. f4
Rfe1 47. Rb7+ Kf8 48. g6 Rc3 49. f5 Re2+ 50. Kf1 Rb2 51. Rb8+ Kg7 52. Rb7+ Kf6
53. Rf7+ Kg5 54. Re7 Rc1+ 55. Re1 Rxe1+ 56. Kxe1 Kf6 57. g5+ Kg7 0-1

[Event "7th Chennai Open"]
[Site "Chennai"]
[Date "2015.01.03"]
[Round "7"]
[White "Narayanan, Srinath"]
[Black "Phoobalan, P."]
[Result "0-1"]
[WhiteElo "2461"]
[BlackElo "2291"]
[PlyCount "82"]
[EventDate "2014.12.30"]
[EventType "swiss"]
[EventRounds "10"]
[EventCountry "IND"]

1. e4 e5 2. Nf3 Nc6 3. d4 exd4 4. Nxd4 Nf6 5. Nxc6 bxc6 6. Qe2 Qe7 7. e5 Nd5 8.
c4 Ba6 9. Nd2 g6 10. Ne4 Bg7 11. Bg5 Qb4+ 12. Kd1 O-O 13. Qc2 Nb6 14. a3 Qa5
15. f4 Rfe8 16. Bh4 c5 17. Be1 Qa4 18. Qxa4 Nxa4 19. b3 Bb7 20. Ng3 Nb6 21. Ra2
d6 22. exd6 cxd6 23. Bf2 Rac8 24. a4 d5 25. a5 dxc4 26. bxc4 Nd7 27. Rg1 Nb8
28. Ne2 Na6 29. g3 Bf3 30. Rd2 Rb8 31. Kc1 Be4 32. Rd6 Rb1+ 33. Kd2 Rb2+ 34.
Kd1 Nb4 35. Rd2 Bc2+ 36. Rxc2 Rxc2 37. Bxc5 Rd8+ 38. Nd4 Bxd4 39. Bxb4 Ra2 40.
Rg2 Rxg2 41. Bxg2 Bc3+ 0-1

[Event "7th Chennai Open"]
[Site "Chennai"]
[Date "2015.01.03"]
[Round "7"]
[White "Shyam, Nikil P"]
[Black "Pradeep, Kumar R.A"]
[Result "1/2-1/2"]
[WhiteElo "2454"]
[BlackElo "2291"]
[PlyCount "52"]
[EventDate "2014.12.30"]
[EventType "swiss"]
[EventRounds "10"]
[EventCountry "IND"]

1. d4 Nf6 2. Bg5 d5 3. Nd2 Nbd7 4. e3 e5 5. dxe5 Nxe5 6. Ngf3 Nxf3+ 7. Nxf3 Be7
8. Bd3 Bg4 9. c3 c6 10. Qc2 h6 11. Bh4 Nd7 12. Bxe7 Qxe7 13. Nd2 Ne5 14. O-O
O-O-O 15. Rfe1 Rd6 16. Bf1 Rg6 17. Kh1 Bd7 18. Be2 Qh4 19. Rf1 Re8 20. Nf3 Nxf3
21. Bxf3 Re5 22. Qe2 Bg4 23. Bxg4+ Qxg4 24. Qxg4+ Rxg4 25. Rfd1 Kc7 26. Kg1
Rge4 1/2-1/2

[Event "7th Chennai Open"]
[Site "Chennai"]
[Date "2015.01.03"]
[Round "7"]
[White "Maheswaran, P."]
[Black "Nguyen, Van Huy"]
[Result "0-1"]
[WhiteElo "2275"]
[BlackElo "2445"]
[PlyCount "50"]
[EventDate "2014.12.30"]
[EventType "swiss"]
[EventRounds "10"]
[EventCountry "IND"]

1. d4 Nf6 2. c4 e6 3. Nc3 Bb4 4. f3 O-O 5. a3 Bxc3+ 6. bxc3 Nh5 7. Nh3 f5 8.
Nf2 d6 9. e4 Nc6 10. f4 Nf6 11. e5 Ne4 12. Qc2 Nxf2 13. Qxf2 Na5 14. Rb1 b6 15.
c5 dxc5 16. dxc5 Qd5 17. Be2 Ba6 18. Qf3 Qa2 19. Rb4 Qc2 20. Bb2 bxc5 21. Bd1
Qb1 22. Ra4 Qxb2 23. Rxa5 Rad8 24. Qe3 Rxd1+ 25. Kxd1 Qb1+ 0-1

[Event "7th Chennai Open"]
[Site "Chennai"]
[Date "2015.01.03"]
[Round "7"]
[White "Das, Sayantan"]
[Black "Sidhant, Mohapatra"]
[Result "1-0"]
[WhiteElo "2444"]
[BlackElo "2281"]
[PlyCount "201"]
[EventDate "2014.12.30"]
[EventType "swiss"]
[EventRounds "10"]
[EventCountry "IND"]

1. e4 e5 2. Nf3 Nc6 3. Bb5 Nf6 4. d3 Bc5 5. O-O d6 6. Nbd2 a6 7. Bxc6+ bxc6 8.
Nb3 Bb6 9. Be3 O-O 10. h3 h6 11. Qd2 Be6 12. Na5 c5 13. b3 c6 14. Nc4 Bc7 15.
Qe2 Nd7 16. g4 d5 17. Nb2 Bd6 18. c4 d4 19. Bc1 Nf6 20. Nh2 Qc7 21. Na4 Nd7 22.
Re1 Qd8 23. Kg2 Qe7 24. Nf1 Qh4 25. Qf3 g6 26. Qg3 Qxg3+ 27. Nxg3 Kg7 28. Rf1
g5 29. Bd2 a5 30. f3 Rfb8 31. h4 f6 32. Rh1 Nb6 33. Rab1 Bf8 34. Kf2 Kg6 35.
Ke2 Ra7 36. hxg5 fxg5 37. Nxb6 Rxb6 38. Nf5 Bxf5 39. exf5+ Kf7 40. Rhe1 Kf6 41.
Rh1 Kf7 42. Rbe1 Bg7 43. Ra1 Bf8 44. Kd1 Rbb7 45. Kc2 Bg7 46. a3 Bf8 47. Rab1
Kf6 48. Rh2 Kf7 49. Be1 Ra8 50. Bg3 Bg7 51. Re2 Re8 52. Kd1 Reb8 53. Reb2 Ra8
54. Kc2 Kf6 55. Re1 Re8 56. Rbb1 Kf7 57. Re2 Bf6 58. Re4 Bg7 59. Ree1 Bf6 60.
Rb2 Bg7 61. Kb1 Bf6 62. Ka2 Bg7 63. Re4 Bf6 64. Rbe2 Rbe7 65. Kb2 Bg7 66. Kc2
Bf6 67. Re1 Bg7 68. Kd2 Bf6 69. Kc2 Bg7 70. R1e2 Bf6 71. Be1 Ra8 72. Bd2 Rb7
73. Re1 Bg7 74. Rb1 Bf6 75. Re2 Bg7 76. Bc1 Rab8 77. a4 Re8 78. Bd2 Ra7 79.
Rbe1 Rb8 80. Rh2 Rab7 81. Rb1 Ra8 82. Bc1 Rab8 83. Re2 Kf6 84. Ba3 Bf8 85. Ree1
Bd6 86. Bc1 Bf8 87. Re2 Bg7 88. Re4 Rb6 89. Bd2 Ra6 90. Be1 Re8 91. Bg3 Ra7 92.
f4 gxf4 93. Bxf4 Kf7 94. Rbe1 Rae7 95. Bd2 Ra8 96. Bc1 Rb7 97. Ba3 Rab8 98. Rb1
Bf6 99. Bxc5 Rh8 100. Rh1 Rhb8 101. Bd6 1-0